(NEW) VCT Champions 2025 Rosters - Statistics

General Stats
  • This quiz has been taken 398 times
    267 since last reset
  • The average score is 75 of 96
Answer Stats
Hint Answer % Correct
Americas #2 s0m
99%
EMEA #3 Boaster
98%
Americas #4 aspas
97%
EMEA #3 Chronicle
97%
Pacific #1 f0rsakeN
96%
Americas #1 jawgemo
96%
Pacific #1 something
96%
EMEA #3 kaajak
95%
EMEA #3 Alfajer
94%
EMEA #4 Boo
94%
Americas #2 brawk
94%
EMEA #3 crashies
94%
Pacific #1 Jinggg
94%
Americas #1 leaf
94%
EMEA #4 MiniBoo
94%
EMEA #1 nAts
94%
Americas #1 trent
94%
Americas #3 zekken
94%
Americas #2 Ethan
93%
Americas #3 johnqt
93%
Americas #3 Zellsis
93%
Pacific #1 d4v41
92%
Americas #1 JonahP
92%
Americas #2 mada
92%
Pacific #1 PatMen
92%
Americas #1 valyn
92%
EMEA #4 benjyfishy
91%
Americas #3 N4RRATE
91%
EMEA #1 keiko
90%
EMEA #4 RieNs
90%
Americas #3 bang
89%
Americas #2 skuba
88%
Americas #4 Verno
88%
EMEA #4 Wo0t
88%
China #3 ZmjjKK
88%
Pacific #3 BuZz
86%
Pacific #4 Mako
86%
Americas #4 cortezia
84%
Pacific #2 Jemkin
84%
EMEA #1 kamo
84%
Pacific #3 stax
83%
Americas #4 artziN
82%
Pacific #3 Meteor
82%
EMEA #2 ara
81%
China #3 CHICHOO
81%
EMEA #1 paTiTek
81%
China #2 Demon1
80%
EMEA #2 Cloud
78%
Pacific #2 monyet
78%
China #3 nobody
77%
Pacific #4 Flashback
75%
EMEA #3 FNATIC
75%
Americas #1 G2 Esports
75%
Pacific #3 iZu
75%
Americas #4 MIBR
75%
Americas #2 NRG
75%
Pacific #1 Paper Rex
75%
Americas #3 Sentinels
75%
China #3 Smoggy
75%
EMEA #1 Team Liquid
75%
EMEA #1 trexx
75%
Americas #4 xenom
75%
Pacific #3 DH
74%
Pacific #4 DRX
74%
Pacific #4 HYUNMIN
74%
Pacific #2 crazyguy
73%
China #4 Rarga
73%
EMEA #4 Team Heretics
73%
China #3 EDward Gaming
72%
Pacific #2 Rex Regum Qeon
72%
Pacific #3 T1
72%
China #1 Bilibili Gaming
71%
EMEA #2 GIANTX
71%
EMEA #2 westside
70%
China #1 whzy
69%
China #4 XLG Esports
69%
China #2 Dragon Ranger Gaming
67%
Pacific #4 free1ng
66%
EMEA #2 Grubinho
66%
EMEA #2 Flickless
65%
China #3 Jieni7
65%
China #1 Knight
63%
Pacific #2 Kushy
62%
Pacific #2 xffero
62%
China #4 happywei
55%
Pacific #4 Estrella
54%
China #4 coconut
53%
China #4 NoMan
52%
China #1 nephh
50%
China #1 rushia
50%
China #2 SpiritZ1
47%
China #4 Viva
45%
China #2 Akeman
41%
China #1 Levius
39%
China #2 Nicc
39%
China #2 Flex1n
37%
No matching quizzes found
Score Distribution
Percent of People with Each Score
Percentile by Number Answered
Your Score History
You have not taken this quiz since the last reset